| 000 | 00731nam a2200229 a 4500 | ||
|---|---|---|---|
| 001 | 000020684 | ||
| 003 | OSt | ||
| 005 | 20200930011139.0 | ||
| 008 | 100812s2017 dr c 000 spa d | ||
| 040 |
_aDO-SdBNP _bspa _cBNPHU |
||
| 082 | _bE56 | ||
| 245 | 0 | 0 |
_aEncuentros en la República Dominicana. _cfotografías Miguel Sarró |
| 260 |
_aSanto Domingo, _c2017. _bArchivo General de la Nación |
||
| 300 |
_a95 p _bretrs. _c22 cm. |
||
| 490 | 1 |
_aArchivo General de la Nación ; _v289 ; |
|
| 500 | _aIncluye datos biográficos del fotógrafo | ||
| 590 | _aInventariado, 2020/YL | ||
| 700 | 1 | 2 |
_aSarró, Miguel _d1968- _efot. _976567 |
| 830 | 0 |
_aArchivo General de la Nación _l289 _976568 |
|
| 942 |
_2ddc _cLF1 |
||
| 956 | _aYLOCKWARD | ||
| 999 |
_c20188 _d20188 |
||